Crítica de la razón pura
Uloženo v:
| Hlavní autor: | |
|---|---|
| Další autoři: | , |
| Médium: | Kniha |
| Jazyk: | španělština |
| Vydáno: |
Ciudad de México
Porrúa
1979
|
| Vydání: | 5a. ed |
| Témata: | |
| Tagy: |
Přidat tag
Žádné tagy, Buďte první, kdo vytvoří štítek k tomuto záznamu!
|
MARC
| LEADER | 00000nam a2200000 a 4500 | ||
|---|---|---|---|
| 001 | UCX4024 | ||
| 003 | CL-VaPUC | ||
| 005 | 20220421114851.0 | ||
| 008 | 920311e19790000MX |||||||||||||||||spa|d | ||
| 999 | |c 224615 |d 224613 | ||
| 040 | |c Pontificia Universidad Católica de Valparaíso | ||
| 082 | 0 | 4 | |a 142.3 |b KAN |2 21 |
| 100 | |a Kant, Immanuel |e autor |9 868690 | ||
| 245 | 1 | 0 | |a Crítica de la razón pura |
| 250 | |a 5a. ed | ||
| 260 | |a Ciudad de México |b Porrúa |c 1979 | ||
| 300 | |a 377 p | ||
| 583 | |a last modification |c 19920311 00:00:00 |k Rodrigo Vera | ||
| 650 | 0 | |a Teoría del conocimiento |9 255038 | |
| 650 | 0 | |a Filosofía alemana |9 265002 | |
| 700 | 1 | |a García Montero, Manuel |e traductor |9 863528 | |
| 700 | 1 | |a Fernández Núñez, Manuel |e traductor |9 863529 | |
| 852 | |a BIBCUR | ||
| 942 | |c BK |2 ddc | ||
| 945 | |d 19920311 00:00:00 |a aalvarez | ||
| 952 | |0 0 |1 0 |4 0 |6 142_300000000000000_KAN_1979 |7 0 |8 R |9 221376 |a BIBEDU |b BIBEDU |c MCIRC |d 2019-11-15 |i 2901625 |o 142.3 KAN 1979 |p 2901625 |r 2023-01-13 |w 2019-11-15 |y BK_R |k FIL | ||
| 952 | |0 0 |1 0 |4 0 |6 142_300000000000000_KAN_1979 |7 0 |8 R |9 221377 |a BIBEDU |b BIBEDU |c MCIRC |d 2019-11-15 |i 3066908 |o 142.3 KAN 1979 |p 3066908 |r 2023-01-13 |w 2019-11-15 |y BK_R |k FIL | ||
| 952 | |0 0 |1 0 |4 0 |6 142_300000000000000_KAN_1979 |7 0 |8 R |9 221378 |a BIBEDU |b BIBEDU |c MCIRC |d 2019-11-15 |i 3066967 |o 142.3 KAN 1979 |p 3066967 |r 2023-01-13 |w 2019-11-15 |y BK_R |k FIL | ||
| 952 | |0 0 |1 0 |4 0 |6 142_300000000000000_KAN_1979 |7 0 |8 R |9 221379 |a BIBEDU |b BIBEDU |c MCIRC |d 2019-11-15 |i 1562436 |o 142.3 KAN 1979 |p 1562436 |r 2023-01-13 |w 2019-11-15 |y BK_R |k FIL | ||